Digitalizácia firiem a schopnosť ich prežitia diplomová práca

Salvato in:
Dettagli Bibliografici
Autore principale: Stiksová, Florencia
Ente Autore: Národohospodárska fakulta EU. Katedra financií
Altri autori: Ochotnický, Pavol
Natura: Libro
Lingua:slovacco
Pubblicazione: Bratislava 2023
Tags: Aggiungi Tag
Nessun Tag, puoi essere il primo ad aggiungerne!!

MARC

LEADER 00000nbm a2200000 4500
001 0293098
005 20231128095618.5
041 0 |a slo 
044 |a SK 
245 1 0 |a Digitalizácia firiem a schopnosť ich prežitia  |b diplomová práca  |c Florencia Stiksová ; školiteľ: Pavol Ochotnický 
264 1 |a Bratislava  |c 2023 
300 |a 76 s. 
100 1 |a Stiksová, Florencia 
700 1 |a Ochotnický, Pavol 
710 2 |a Národohospodárska fakulta EU. Katedra financií